| 000 | 00000nam##2200000za#4500 |
| 001 | 9.625063 |
| 003 | CaOODSP |
| 005 | 20200327182207 |
| 007 | ta |
| 008 | 150406|1999||||xxc||||| f|0| 0 fre|d |
| 020 | |a0-662-83802-5 |
| 040 | |aCaOODSP|bfre |
| 043 | |an-cn--- |
| 086 | 1 |aMP32-28/98-30F |
| 110 | 1 |aCanada.|bDéveloppement des ressources humaines Canada. |bDirection générale de la recherche appliquée. |
| 245 | 10|aLes filles agressives au Canada / |cpar Debra J. Pepler et Farrokh Sedighdeilami. |
| 260 | |aOttawa - Ontario : |bDéveloppement des ressources humaines Canada. |c1999. |
| 300 | |avii, 45p. : |btableaux ; |c28 cm. |
| 490 | 1 |aDocument de travail|vW-98-30F |
| 500 | |a«Dans ce document de recherche, il est question des facteurs de risque biologiques et sociaux associés à la manifestation de problèmes d'agressivité, ainsi que des difficultés psychosociales liées à des niveaux élevés d'agressivité chez les filles.»--Sommaire. |
| 504 | |aBibliographie. |
| 520 | 3 |aDans ce document de recherche, il est question des facteurs de risque biologiques et sociaux associés à la manifestation de problèmes d'agressivité, ainsi que des difficultés psychosociales liées à des niveaux élevés d'agressivité chez les filles.--Sommaire |
| 546 | |aAbstract in English |
| 563 | |aCouverture souple |
| 590 | |a00-05|b2000-02-04 |
| 691 | 07|aComportement|2gcpds |
| 691 | 07|aAdolescent|2gcpds |
| 720 | 1 |aPepler, Debra |
| 720 | 1 |aSedighdeilami, Farrokh |
| 775 | 08|tAggressive girls in Canada / |w(CaOODSP)9.614683 |
| 776 | 0#|tLes filles agressives au Canada / |w(CaOODSP)9.593598 |
| 830 | #0|aDocument de travail ;|vW-98-30F|w(CaOODSP)9.513149 |